| 000 | 00401nam a2200169Ia 4500 | ||
|---|---|---|---|
| 008 | 230524s9999 xx 000 0 und d | ||
| 082 |
_a658.8 _bCHH |
||
| 100 | _aT.N.Chhabra | ||
| 245 | 0 | _aMarketing Management | |
| 250 | _a4TH | ||
| 260 |
_aNEW DELHI _bDhanpat Rai _c2008 |
||
| 300 | _aXII;6.28 | ||
| 500 | _aQuantity Number: 10 | ||
| 650 | _aManagement | ||
| 700 | _a S.K.Grover | ||
| 942 | _cBK | ||
| 999 |
_c37932 _d37932 |
||